| 000 | 00569nam a2200217 a 4500 | ||
|---|---|---|---|
| 999 |
_c4274 _d4274 |
||
| 001 | 4274 | ||
| 003 | BD-JhCC | ||
| 005 | 20171125191525.0 | ||
| 008 | 171125s1967 e |||| || | 000 0 eng d | ||
| 035 | _a(BD-JhCC)4274 | ||
| 040 |
_aBD-JhCC _dBD-JhCC |
||
| 041 | _aeng | ||
| 082 |
_a823.912 _bIBS 1967 |
||
| 100 | _aIbsen, Henrik | ||
| 245 |
_aAn Enemy of the People / _cHenrik Ibsen, |
||
| 260 |
_aLondon : _bHeinemann Educational Books Ltd, _c1967 |
||
| 300 |
_a114 p. : _c19 cm. |
||
| 650 | _aDetective and Mystery Stories | ||
| 942 |
_2ddc _cBK |
||